Statistics for Europe Soccer Team

Click here to take the quiz!

General Stats

  • This quiz has been taken 58 times
  • The average score is 53 of 131

Answer Stats

LigueTeam% Correct
PortuguesePorto
92%
PortugueseBenfica
88%
SpanishBarcelona
87%
SpanishReal Madrid
87%
EnglishManchester United
85%
EnglishArsenal
83%
EnglishLiverpool
83%
EnglishManchester City
83%
EnglishChelsea
81%
ItalianInter
81%
ItalianMilan
81%
PortugueseSporting
81%
ItalianJuventus
79%
EnglishEverton
75%
EnglishAston Villa
73%
SpanishAtlético Madrid
71%
ItalianRoma
71%
EnglishTottenham
71%
SpanishValencia
71%
EnglishSouthampton
69%
SpanishAthletic
67%
ItalianLazio
67%
EnglishLeicester
67%
ItalianNapoli
67%
EnglishNewcastle
67%
EnglishWest Ham
67%
GermanBorussia Dortmund
65%
FrenchMarseille
65%
GermanBayern Munchen
63%
FrenchLyon
63%
FrenchMonaco
63%
EnglishSunderland
62%
SpanishSevilla
60%
EnglishBurnley
56%
SpanishReal Sociedad
56%
GermanSchalke
56%
EnglishWest Brom
56%
PortugueseBraga
54%
EnglishCrystal Palace
54%
GermanBayer Leverkusen
52%
ItalianTorino
52%
FrenchLille
50%
EnglishStoke
50%
RussianZenit
50%
ItalianFiorentina
48%
EnglishQPR
48%
ItalianSampdoria
48%
EnglishSwansea
46%
GermanHertha
44%
EnglishHull
44%
FrenchNantes
44%
ItalianParma
44%
GermanStuttgart
44%
ItalianPalermo
42%
ItalianAtalanta
40%
FrenchBordeaux
40%
SpanishDeportivo
40%
SpanishEspanyol
40%
SpanishMalaga
40%
ItalianUdinese
40%
SpanishVillarreal
40%
GermanWolfsburg
40%
ItalianGenoa
38%
SpanishGetafe
38%
GermanKoln
38%
FrenchParis Saint Germain
38%
FrenchLens
37%
FrenchRennes
37%
RussianLokomotiv
33%
FrenchMontpellier
33%
FrenchSaint-Étienne
33%
FrenchToulouse
33%
ItalianCagliari
31%
GermanHamburger
31%
GermanHannover
31%
GermanHoffenheim
31%
FrenchNice
31%
RussianRubin Kazan
31%
GermanWerder Bremen
31%
PortugueseBoavista
29%
ItalianChievo
29%
GermanEintracht Frankfurt
29%
ItalianSassuolo
29%
GermanAugsburg
27%
GermanFreiburg
27%
SpanishLevante
27%
FrenchBastia
25%
SpanishElche
25%
ItalianHellas Verona
25%
FrenchEvian
23%
SpanishGranada
23%
FrenchGuingamp
23%
PortugueseRio Ave
23%
PortugueseBelenenses
21%
SpanishCordoba
21%
RussianCSKA Moskva
21%
SpanishEibar
21%
RussianKrasnodar
21%
FrenchLorient
21%
PortugueseEstoril
19%
GermanMainz
19%
FrenchMetz
19%
RussianRostov
19%
SpanishAlmeria
17%
FrenchCaen
17%
ItalianCesena
17%
PortugueseMarítimo
17%
PortugueseNacional
17%
SpanishRayo Vallecano
17%
RussianSpartak Moskva
17%
SpanishCelta de Vigo
15%
ItalianEmpoli
15%
RussianAmkar
13%
RussianArsenal Tula
13%
RussianDynamo Moskva
13%
GermanPaderborn
13%
FrenchStade de Reims
13%
RussianTorpedo
13%
RussianUral
13%
PortugueseAcadémica
12%
PortugueseArouca
12%
GermanBorussia M'gladbach
12%
RussianUfa
12%
RussianTerek Grozny
10%
PortugueseMoreirense
8%
PortuguesePaços de Ferreira
8%
PortuguesePenafiel
8%
PortugueseVitória de Guimarães
8%
PortugueseVitória de Setúbal
6%
PortugueseGil Vicente
4%
RussianMordovia
4%

Score Distribution

Percentile by Number Answered

Percent of People with Each Score

Your Score History

You have not taken this quiz